Statistics for German Bundesliga Teams Quiz

Click here to take the quiz!

General Stats

  • This quiz has been taken 39 times
  • The average score is 14 of 18

Answer Stats

Answer% Correct
FC Bayern Munich
100%
Borussia Dortmund
97%
1. FC Köln
94%
VfL Wolfsburg
91%
Bayer 04 Leverkusen
84%
Borussia Mönchengladbach
84%
Eintracht Frankfurt
84%
Hertha BSC
84%
VfB Stuttgart
84%
RB Leipzig
81%
Union Berlin
81%
FC Augsburg
78%
Arminia Bielefeld
69%
SC Freiburg
66%
TSG 1899 Hoffenheim
66%
VFL Bochum
63%
1. FSV Mainz 05
56%
Greuther Fürth
56%

Score Distribution

Percentile by Number Answered

Percent of People with Each Score

Your Score History

You have not taken this quiz